Počítačom riadené technologické procesy pri zabezpečení kvality : Bakalárska práca

Na minha lista:
Detalhes bibliográficos
Autor principal: Rusnák, Roman (Author)
Outros Autores: Borovička, Milan, 1935- (xxx)
Formato: Manuscrito Livro
Idioma:eslovaco
Publicado em: Trnava : STU v Bratislave MtF KOM, 2006
Assuntos:
Tags: Adicionar Tag
Sem tags, seja o primeiro a adicionar uma tag!

MARC

LEADER 00000ntm a22000003a 4500
001 stu131358
005 20160719155619.4
008 061213s2006----xo------------------slo-d
040 |a STU  |b slo 
041 0 |a slo 
044 |a xo 
100 1 |a Rusnák, Roman  |4 aut 
245 1 |a Počítačom riadené technologické procesy pri zabezpečení kvality :  |b Bakalárska práca 
260 |a Trnava :  |b STU v Bratislave MtF KOM,  |c 2006 
300 |a 39 s  |c 1 CD-ROM 
650 7 |a technológie strojárskej výroby  |2 stusub 
650 7 |a obrábanie  |2 stusub 
700 1 |a Borovička, Milan,  |d 1935-  |4 xxx  |u M160  |U MTF Ústav výrobných technológií  |T MTF Katedra obrábania a montáže  |X 1466  |U M160  |Y M160  |7 A000001466 
996 |b 284M075231  |c M*BP-2350  |l MMSKP  |s P  |a 0  |w stu131358_0001